Statistics for Biggest Metro Areas in the USA

Click here to take the quiz!

General Stats

  • This quiz has been taken 163,887 times
    (95,520 since last reset)
  • The average score is 54 of 100

Answers on the Map

Answers color-coded by a green-red scale on the quiz's map according to % correct below.
Loading ...
 

Answer Stats

PopulationCity% Correct
19,979,477New York City
99%
13,291,486Los Angeles
98%
6,198,782Miami
97%
9,498,716Chicago
97%
4,729,484San Francisco
95%
3,939,363Seattle
94%
7,539,711Dallas
94%
6,997,384Houston
93%
2,231,647Las Vegas
93%
4,875,390Boston
93%
5,949,951Atlanta
90%
4,326,442Detroit
90%
4,857,962Phoenix
89%
2,932,415Denver
89%
6,249,950Washington, DC
89%
6,096,372Philadelphia
88%
1,270,399New Orleans
87%
2,478,810Portland, OR
86%
3,343,364San Diego
85%
3,629,190Minneapolis
83%
1,222,540Salt Lake City
82%
2,168,316Austin
81%
2,143,651Kansas City
80%
1,930,961Nashville
78%
1,396,445Oklahoma City
77%
2,048,703Indianapolis
77%
580,166Jackson, MS
77%
2,572,962Orlando
76%
980,080Honolulu
76%
2,518,036San Antonio
75%
2,345,210Sacramento
74%
2,805,465St. Louis
73%
2,324,743Pittsburgh
72%
2,057,009Cleveland
72%
3,142,663Tampa
71%
1,350,620Memphis
69%
2,106,541Columbus
68%
2,802,789Baltimore
67%
1,534,701Jacksonville
67%
2,569,213Charlotte
66%
1,130,152Buffalo
65%
1,576,113Milwaukee
64%
915,927Albuquerque
64%
730,426Boise
64%
2,190,209Cincinnati
64%
845,553El Paso
64%
1,362,540Raleigh
61%
1,999,107San Jose
61%
741,104Little Rock
58%
655,409Des Moines
56%
1,297,301Louisville
56%
883,169Albany
56%
1,306,172Richmond
56%
942,198Omaha
54%
787,643Charleston, SC
53%
1,151,801Birmingham
52%
831,310Baton Rouge
50%
1,039,073Tucson
48%
1,621,337Providence
46%
660,422Madison
46%
631,761Springfield, MA
45%
993,797Tulsa
41%
1,728,733Virginia Beach
41%
738,939Colorado Springs
40%
1,206,300Hartford
40%
832,666Columbia, SC
39%
671,456Winston-Salem
37%
994,400Fresno
36%
644,888Wichita
34%
604,167Augusta
34%
1,071,082Rochester
33%
574,659Harrisburg
29%
650,502Syracuse
29%
883,309Knoxville
29%
602,871Toledo
27%
4,622,361Riverside -
San Bernardino
27%
573,493Spokane
26%
1,069,405Grand Rapids
25%
806,548Dayton
25%
896,764Bakersfield
23%
704,845Akron
22%
575,412Durham
22%
857,620New Haven
20%
560,793Chattanooga
18%
633,768Provo
17%
767,711Greensboro
17%
555,485Scranton
16%
943,823Bridgeport
13%
752,660Stockton
12%
842,913Allentown
12%
947,866Worcester
12%
659,605Daytona Beach
11%
906,626Greenville
11%
675,067Ogden
10%
865,939McAllen
10%
754,610Fort Myers
10%
850,967Oxnard
8%
596,849Melbourne, FL
7%
821,573Sarasota
7%
708,009Lakeland
6%

Score Distribution

Percentile by Number Answered

Percent of People with Each Score

Your Score History

You have not taken this quiz since the last reset